[Event "San Sebastian Gros op 25th"]
[Site "San Sebastian"]
[Date "2015.07.02"]
[Round "8"]
[White "Chernyak, Viktoria"]
[Black "Gattegno, Laurent"]
[Result "1-0"]
[WhiteElo "2139"]
[BlackElo "2019"]
[PlyCount "49"]
[EventDate "2015.06.26"]
[EventType "swiss"]
[EventRounds "9"]
[EventCountry "ESP"]
[SourceTitle "CBM 167 Extra"]
[Source "ChessBase"]
[SourceDate "2015.09.14"]
[SourceVersion "1"]
[SourceVersionDate "2015.09.14"]
[SourceQuality "1"]

1. Nf3 d5 2. g3 c5 3. Bg2 Nc6 4. d4 cxd4 5. Nxd4 e5 6. Nxc6 bxc6 7. 0-0 Nf6 8. c4 Be6 9. Nc3 Rb8 10. Bg5 Be7 11. Bxf6 gxf6 12. cxd5 cxd5 13. Nxd5 Rxb2 14. Qa4+ Kf8 15. Rad1 Qb8 16. Qh4 h5 17. Bf3 Bxd5 18. Bxd5 Rb4 19. e4 Qb6 20. Rc1 Bc5 21. Rxc5 Qxc5 22. Qxf6 Rh7 23. Qd8+ Kg7 24. Qg5+ Kf8 25. Rc1 1-0

[Event "San Sebastian Gros op 25th"]
[Site "San Sebastian"]
[Date "2015.06.27"]
[Round "3"]
[White "Gattegno, Laurent"]
[Black "Etchegaray, Patrice"]
[Result "0-1"]
[WhiteElo "2019"]
[BlackElo "2397"]
[PlyCount "68"]
[EventDate "2015.06.26"]
[EventType "swiss"]
[EventRounds "9"]
[EventCountry "ESP"]
[SourceTitle "CBM 167 Extra"]
[Source "ChessBase"]
[SourceDate "2015.09.14"]
[SourceVersion "1"]
[SourceVersionDate "2015.09.14"]
[SourceQuality "1"]

1. d4 Nf6 2. c4 g6 3. Nc3 Bg7 4. e4 d6 5. f4 0-0 6. Nf3 c5 7. d5 e6 8. Be2 exd5 9. cxd5 Bg4 10. 0-0 Nbd7 11. Nd2 Bxe2 12. Qxe2 Re8 13. Qf3 Rc8 14. e5 dxe5 15. Nde4 Nxe4 16. Nxe4 Nf6 17. f5 Nxe4 18. Qxe4 Qb6 19. a3 Bf8 20. Be3 Qb3 21. Rad1 gxf5 22. Rd3 fxe4 23. Rxb3 b6 24. Bg5 h6 25. Bf6 Rc7 26. Rg3+ Kh7 27. Re1 Rd7 28. Rxe4 Rxd5 29. Reg4 Re6 30. Bh4 e4 31. Rf4 f5 32. Rh3 e3 33. Rf1 c4 34. Be1 Bc5 0-1

[Event "Bordeaux-ch 48th"]
[Site "Bordeaux"]
[Date "2015.05.14"]
[Round "4"]
[White "Gattegno, Laurent"]
[Black "Cazeaux, Didier"]
[Result "0-1"]
[WhiteElo "2019"]
[BlackElo "1767"]
[PlyCount "96"]
[EventDate "2015.05.14"]
[EventType "swiss"]
[EventRounds "7"]
[EventCountry "FRA"]
[SourceTitle "CBM 166 Extra"]
[Source "ChessBase"]
[SourceDate "2015.06.18"]
[SourceVersion "1"]
[SourceVersionDate "2015.06.18"]
[SourceQuality "1"]

1. d4 Nf6 2. c4 c5 3. d5 e6 4. Nc3 exd5 5. cxd5 d6 6. e4 g6 7. f4 Bg7 8. Nf3 Bg4 9. Bb5+ Nfd7 10. 0-0 0-0 11. Be3 a6 12. Be2 b5 13. Qd2 Re8 14. Bd3 Bxf3 15. Rxf3 c4 16. Bc2 Qc7 17. Raf1 Nc5 18. e5 Nbd7 19. e6 fxe6 20. dxe6 Rxe6 21. f5 Ree8 22. fxg6 Ne5 23. gxh7+ Kh8 24. Rg3 Ncd3 25. Nd5 Qb7 26. Nf4 Qe4 27. Nh5 Re7 28. h3 Qxh7 29. Bg5 Rf7 30. Rxf7 Nxf7 31. Bf6 Bxf6 32. Nxf6 Qh4 33. Rg6 Qe1+ 34. Qxe1 Nxe1 35. Be4 Rd8 36. Bd5 Ne5 37. Rg3 N1d3 38. Be4 Nxb2 39. Ra3 Rf8 40. Nd5 Na4 41. Nc7 Nc5 42. Bc2 b4 43. Rg3 a5 44. Nd5 a4 45. Nxb4 Ne6 46. Nd5 Nd4 47. Bd1 Rb8 48. Nf6 c3 0-1

[Event "Champigny sur Marne op"]
[Site "Champigny sur Marne"]
[Date "2007.03.01"]
[Round "1"]
[White "Gattegno, Laurent"]
[Black "Vantet, Pascale"]
[Result "1/2-1/2"]
[WhiteElo "2050"]
[BlackElo "1776"]
[PlyCount "90"]
[EventDate "2007.03.01"]
[EventType "swiss"]
[EventRounds "6"]
[EventCountry "FRA"]
[SourceTitle "CBM 117 Extra"]
[Source "ChessBase"]
[SourceDate "2007.05.09"]
[SourceVersion "1"]
[SourceVersionDate "2007.05.09"]
[SourceQuality "1"]

1. d4 d5 2. Nf3 Nf6 3. c4 e6 4. Nc3 c6 5. Bg5 Nbd7 6. e3 Be7 7. Bd3 0-0 8. Qc2 Re8 9. h4 Nf8 10. h5 Ng4 11. Bf4 f5 12. 0-0-0 Qa5 13. Kb1 Bb4 14. Ne5 Nxe5 15. Bxe5 Nd7 16. Bg3 Nf6 17. Ka1 Bxc3 18. bxc3 Ne4 19. Bxe4 fxe4 20. Be5 Rf8 21. Rh3 b5 22. Rg3 Rf7 23. c5 Ba6 24. f3 b4 25. cxb4 Qxb4 26. Rb1 Qa5 27. fxe4 dxe4 28. Qb3 Bb5 29. d5 exd5 30. Qb2 Kf8 31. Bxg7+ Ke8 32. Bf6 Kd7 33. h6 Raf8 34. Rg7 Qa6 35. Qe5 Qc8 36. a4 Qa6 37. Qd6+ Kc8 38. Qe6+ Kb8 39. Rxf7 Qxa4+ 40. Kb2 Qb4+ 41. Kc1 Qe1+ 42. Kc2 Qe2+ 43. Kb3 Qd3+ 44. Ka2 Qc2+ 45. Rb2 Qa4+ 1/2-1/2

[Event "Mont de Marsan op 6th"]
[Site "Mont de Marsan"]
[Date "2006.12.28"]
[Round "6"]
[White "Vivier, Theo"]
[Black "Gattegno, Laurent"]
[Result "0-1"]
[WhiteElo "1540"]
[BlackElo "2051"]
[PlyCount "114"]
[EventDate "2006.12.26"]
[EventType "swiss"]
[EventRounds "9"]
[EventCountry "FRA"]
[SourceTitle "CBM 116 Extra"]
[Source "ChessBase"]
[SourceDate "2007.03.07"]
[SourceVersion "1"]
[SourceVersionDate "2007.03.07"]
[SourceQuality "1"]

1. e4 e5 2. Nf3 Nc6 3. Bb5 a6 4. Ba4 Nf6 5. 0-0 b5 6. Bb3 Be7 7. Re1 0-0 8. c3 d6 9. h3 Nb8 10. d4 Nbd7 11. Nbd2 Bb7 12. Bc2 Re8 13. Nf1 Bf8 14. Ng3 g6 15. Bg5 h6 16. Bxf6 Qxf6 17. dxe5 Nxe5 18. Nxe5 dxe5 19. Qe2 Bc5 20. Rad1 Rad8 21. Bb3 Rxd1 22. Rxd1 Rd8 23. Rxd8+ Qxd8 24. Qf3 Qe7 25. Qg4 Kh7 26. Qf3 Kg7 27. Qg4 Qg5 28. Qxg5 hxg5 29. Kf1 Bc8 30. f3 Be3 31. Bd5 Bd7 32. Bb7 a5 33. Ke2 Bf4 34. Nf1 Bc1 35. b3 f5 36. Ne3 c6 37. Kd3 Kf6 38. Ba8 Ke6 39. Bb7 Kd6 40. Ba6 Kc5 41. a4 Kb6 42. axb5 cxb5 43. exf5 gxf5 44. Bxb5 Bxb5+ 45. c4 Bd7 46. Nd5+ Kc5 47. g3 Be6 48. Nf6 Kb4 49. Kc2 Be3 50. h4 gxh4 51. gxh4 Bh6 52. Ne8 Kc5 53. Kc3 Bf7 54. Nc7 Bg7 55. Kc2 Kd4 56. Nb5+ Kc5 57. Nc3 Bf6 0-1

[Event "Mont de Marsan op 6th"]
[Site "Mont de Marsan"]
[Date "2006.12.27"]
[Round "4"]
[White "Hostekind, Laurent"]
[Black "Gattegno, Laurent"]
[Result "1/2-1/2"]
[WhiteElo "1989"]
[BlackElo "2051"]
[PlyCount "96"]
[EventDate "2006.12.26"]
[EventType "swiss"]
[EventRounds "9"]
[EventCountry "FRA"]
[SourceTitle "CBM 116 Extra"]
[Source "ChessBase"]
[SourceDate "2007.03.07"]
[SourceVersion "1"]
[SourceVersionDate "2007.03.07"]
[SourceQuality "1"]

1. Nf3 Nf6 2. c4 e6 3. g3 c5 4. Bg2 Nc6 5. 0-0 d5 6. cxd5 exd5 7. d4 Be6 8. Nc3 cxd4 9. Nxd4 Bc5 10. Nb3 Be7 11. Nb5 Ne4 12. Bf4 0-0 13. Nc7 Rc8 14. Nxe6 fxe6 15. Bxe4 dxe4 16. Qxd8 Rfxd8 17. Rfd1 Rd5 18. Rxd5 exd5 19. Rd1 Rd8 20. Nd4 Kf7 21. Bc1 Bf6 22. Be3 g6 23. b3 a6 24. Kg2 Rd7 25. f3 exf3+ 26. exf3 Re7 27. Kf2 Re5 28. Nxc6 bxc6 29. Bd4 Re6 30. Bxf6 Kxf6 31. f4 Ke7 32. Rd3 a5 33. a3 Re4 34. Re3 Rxe3 35. Kxe3 c5 36. Kd3 Ke6 37. g4 Kd6 38. Ke3 d4+ 39. Ke4 Ke6 40. Kd3 Kd5 41. h3 h5 42. f5 hxg4 43. fxg6 Ke6 44. g7 Kf7 45. g8Q+ Kxg8 46. hxg4 Kg7 47. b4 cxb4 48. axb4 axb4 1/2-1/2

[Event "San Sebastian op 28th"]
[Site "San Sebastian"]
[Date "2005.03.24"]
[Round "7"]
[White "Moriuchi, Toshiyuki"]
[Black "Gattegno, Laurent"]
[Result "1-0"]
[WhiteElo "2301"]
[BlackElo "2061"]
[PlyCount "53"]
[EventDate "2005.03.19"]
[EventType "swiss"]
[EventRounds "9"]
[EventCountry "ESP"]
[SourceTitle "CBM 105 Extra"]
[Source "ChessBase"]
[SourceDate "2005.05.01"]
[SourceVersion "1"]
[SourceVersionDate "2005.05.01"]
[SourceQuality "1"]

1. e4 e5 2. Nf3 Nc6 3. Bb5 a6 4. Ba4 Nf6 5. 0-0 Be7 6. Re1 b5 7. Bb3 0-0 8. a4 b4 9. d3 d6 10. a5 Bg4 11. c3 d5 12. h3 dxe4 13. hxg4 exf3 14. g5 Nd7 15. Bd5 Ndb8 16. Qxf3 Qd7 17. Be3 Bd6 18. Nd2 e4 19. Bxe4 g6 20. d4 Ra7 21. Bc2 Nd8 22. d5 Rb7 23. Bd4 c5 24. Ne4 cxd4 25. Nf6+ Kg7 26. Nxd7 Nxd7 27. cxd4 1-0

[Event "FRA-ch op-A"]
[Site "Chartres"]
[Date "2005.??.??"]
[Round "2"]
[White "Pietrasanta, Jeremy"]
[Black "Gattegno, Laurent"]
[Result "1/2-1/2"]
[WhiteElo "2178"]
[BlackElo "2065"]
[PlyCount "111"]
[EventDate "2005.08.15"]
[EventType "swiss"]
[EventRounds "11"]
[EventCountry "FRA"]
[SourceTitle "EXT 2006"]
[Source "ChessBase"]
[SourceDate "2005.11.24"]
[SourceVersion "1"]
[SourceVersionDate "2005.11.24"]
[SourceQuality "1"]

1. e4 e5 2. Bc4 Nf6 3. d3 d5 4. exd5 Nxd5 5. Qf3 Be6 6. Nc3 Bb4 7. Bd2 Bxc3 8. bxc3 Nc6 9. Ne2 Nf6 10. Bxe6 fxe6 11. Rb1 Qd7 12. Rxb7 0-0 13. Rb3 a5 14. 0-0 a4 15. Rbb1 e4 16. Qh3 Ra5 17. Nf4 Rf5 18. Be3 e5 19. Ne2 exd3 20. cxd3 Nd5 21. Bc5 Rd8 22. d4 Qf7 23. a3 Na5 24. Ng3 Rg5 25. Ne4 Nf4 26. Qh4 Rxg2+ 27. Kh1 Re8 28. Rg1 Rg6 29. dxe5 Qf5 30. f3 Nb3 31. Be3 Ne2 32. Rxg6 hxg6 33. Qf2 Nf4 34. Bd4 c5 35. Be3 Rxe5 36. Bxf4 Qxf4 37. Re1 Rf5 38. Kg2 Rh5 39. Qg3 Qxg3+ 40. hxg3 Rd5 41. Rh1 Kf7 42. Rh8 Nd2 43. Ra8 Nxe4 44. fxe4 Rd3 45. Rxa4 Rxc3 46. Ra6 c4 47. e5 Rd3 48. a4 Ra3 49. Kh3 c3 50. Ra7+ Ke6 51. a5 Kxe5 52. a6 Kd4 53. Rd7+ Ke3 54. Re7+ Kd2 55. a7 c2 56. Rd7+ 1/2-1/2

[Event "Budapest FS09 FM-B"]
[Site "Budapest"]
[Date "2003.09.13"]
[Round "8"]
[White "Gattegno, Laurent"]
[Black "Hoang, Tri"]
[Result "1/2-1/2"]
[WhiteElo "2072"]
[BlackElo "2060"]
[PlyCount "78"]
[EventDate "2003.09.08"]
[EventType "tourn"]
[EventRounds "11"]
[EventCountry "HUN"]
[SourceTitle "EXT 2005"]
[Source "ChessBase"]
[SourceDate "2004.11.15"]
[SourceVersion "1"]
[SourceVersionDate "2004.11.15"]
[SourceQuality "1"]

1. d4 d5 2. c4 c6 3. Nc3 Nf6 4. Nf3 dxc4 5. a4 Bf5 6. Ne5 Nbd7 7. Nxc4 e6 8. Bg5 Bb4 9. Qb3 a5 10. f3 Qc7 11. e4 Bg6 12. Be2 0-0 13. 0-0 Rfe8 14. Rfd1 h6 15. Bh4 Nh5 16. Bf1 e5 17. d5 Bc5+ 18. Kh1 Bh7 19. Rac1 g5 20. Be1 Nf4 21. g3 Nh5 22. Bh3 Nhf6 23. g4 Bg6 24. d6 Qb8 25. Ne2 b6 26. Ng3 Re6 27. Nf5 Bxf5 28. exf5 Re8 29. Bg2 Nd5 30. h4 Bxd6 31. hxg5 hxg5 32. Qc2 Bc5 33. Bd2 Kg7 34. Bh3 Rh8 35. Kg2 f6 36. Qd3 Qc7 37. Rf1 Bd4 38. Qe4 Nc5 39. Qc2 e4 1/2-1/2

[Event "Budapest FS09 FM-B"]
[Site "Budapest"]
[Date "2003.09.08"]
[Round "1"]
[White "Gattegno, Laurent"]
[Black "Bodrogi, Laszlo"]
[Result "1-0"]
[WhiteElo "2072"]
[BlackElo "2072"]
[PlyCount "139"]
[EventDate "2003.09.08"]
[EventType "tourn"]
[EventRounds "11"]
[EventCountry "HUN"]
[SourceTitle "EXT 2005"]
[Source "ChessBase"]
[SourceDate "2004.11.15"]
[SourceVersion "1"]
[SourceVersionDate "2004.11.15"]
[SourceQuality "1"]

1. d4 Nf6 2. c4 e6 3. Nc3 Bb4 4. Bg5 h6 5. Bh4 g5 6. Bg3 Ne4 7. Qc2 Bxc3+ 8. bxc3 d5 9. Nf3 Nd7 10. Nd2 Nxg3 11. hxg3 Nf6 12. c5 Bd7 13. a4 b6 14. e4 bxc5 15. e5 Ng8 16. dxc5 Ne7 17. g4 Ng6 18. Nf3 Qe7 19. Bd3 Nf4 20. g3 Nxd3+ 21. Qxd3 Qxc5 22. Nxg5 Ke7 23. Nf3 Rab8 24. Qd2 Rhg8 25. Rh4 Rb3 26. Rc1 Ra3 27. g5 hxg5 28. Nxg5 Rxa4 29. Rxa4 Bxa4 30. Qf4 Be8 31. c4 c6 32. Rb1 Kd7 33. Qf6 Rg6 34. Qf4 Rh6 35. Ke2 d4 36. Rc1 f5 37. exf6 d3+ 38. Kf3 Rh2 39. Ne4 Qh5+ 40. g4 Qh3+ 41. Qg3 Bg6 42. Nc5+ Ke8 43. Qxh3 Rxh3+ 44. Kg2 d2 45. Rd1 Rc3 46. f3 Rxc4 47. Nxe6 Kf7 48. Nd8+ Kxf6 49. Rxd2 Ke7 50. Nb7 Bf7 51. Nd6 Rf4 52. Nf5+ Ke8 53. Kg3 Rb4 54. Nd6+ Ke7 55. Nxf7 Kxf7 56. Rd7+ Ke6 57. Rxa7 c5 58. Rc7 Kd6 59. Rc8 Kd5 60. g5 Rb6 61. Kf4 Kd4 62. Kf5 c4 63. g6 Rb7 64. f4 c3 65. Kf6 Rb6+ 66. Kg5 Rb1 67. g7 c2 68. Rxc2 Ke4 69. Rg2 Rb8 70. f5 1-0

[Event "Zaragoza op-B"]
[Site "Zaragoza"]
[Date "1995.??.??"]
[Round "9"]
[White "Gattegno, Laurent"]
[Black "Sarto Ramos, Angel"]
[Result "1-0"]
[WhiteElo "2040"]
[BlackElo "2170"]
[PlyCount "77"]
[EventDate "1995.06.??"]
[EventType "swiss"]
[EventRounds "9"]
[EventCountry "ESP"]
[SourceTitle "EXT 1997"]
[Source "ChessBase"]
[SourceDate "1996.11.15"]
[SourceVersion "1"]
[SourceVersionDate "1996.11.15"]
[SourceQuality "1"]

1. d4 g6 2. c4 Bg7 3. e4 c5 4. d5 d6 5. Nc3 e5 6. g3 Na6 7. Bg2 Nc7 8. a4 Bd7 9. Nf3 a6 10. 0-0 Ne7 11. Be3 0-0 12. Nd2 b5 13. axb5 axb5 14. Rxa8 Qxa8 15. b3 Qa5 16. Ne2 Ra8 17. f4 Bh6 18. Bxc5 dxc5 19. d6 Nc6 20. dxc7 b4 21. Nf3 Qxc7 22. Qd5 Ra5 23. Nxe5 Nxe5 24. fxe5 Be6 25. Qd6 Qc8 26. Nf4 Ra6 27. Qd3 Bg7 28. Nd5 Qd8 29. Qe3 Rc6 30. Nf6+ Kh8 31. Bf3 Bh3 32. Rd1 Qe7 33. Qg5 h6 34. Qh4 Be6 35. g4 g5 36. Qg3 Bxf6 37. exf6 Qc7 38. e5 Ra6 39. Qh3 1-0

[Event "Saint Affrique op"]
[Site "Saint Affrique"]
[Date "1994.??.??"]
[Round "?"]
[White "Gattegno, Laurent"]
[Black "Pira, Davoud"]
[Result "0-1"]
[WhiteElo "1740"]
[BlackElo "2335"]
[PlyCount "78"]
[EventDate "1994.07.??"]
[EventType "swiss"]
[EventRounds "7"]
[EventCountry "FRA"]
[SourceTitle "EXT 1999"]
[Source "ChessBase"]
[SourceDate "1998.11.16"]
[SourceVersion "1"]
[SourceVersionDate "1998.11.16"]
[SourceQuality "1"]

1. d4 c5 2. d5 Nf6 3. c4 e5 4. Nc3 d6 5. e4 Be7 6. g3 0-0 7. Bg2 Ne8 8. Nge2 Na6 9. 0-0 Nac7 10. f4 Rb8 11. a4 b6 12. Be3 a6 13. Qd2 Bd7 14. f5 b5 15. cxb5 axb5 16. a5 Na6 17. g4 h6 18. Ng3 Bg5 19. Nh5 f6 20. Rf3 c4 21. Qf2 Bxe3 22. Qxe3 Nc5 23. a6 Ra8 24. h4 Nb3 25. Ra2 Qc7 26. g5 hxg5 27. hxg5 Qc5 28. g6 Qxe3+ 29. Rxe3 Ra7 30. Rh3 b4 31. Ne2 Bb5 32. Bf1 Rxa6 33. Rxa6 Bxa6 34. Kf2 Nc5 35. Nhg3 Nc7 36. Nc1 b3 37. Rh2 Rb8 38. Ke3 Na4 39. Nce2 c3 0-1